Vietnam War – Odd One Out - Statistics

General Stats
  • This quiz has been taken 48 times
  • The average score is 4 of 10
Answer Stats
Question Answer % Correct
Which of these presidents did not send troops or advisors to Vietnam? Jimmy Carter
72%
Which of these military operations did not occur during the Vietnam War? Operation Overlord
70%
Which of these politicians was never the President of North Vietnam? Ngô Đình Diệm
59%
Which of these weapons was not used during the Vietnam War? FHJ-84
43%
Which of these countries did not participate in the Vietnam War? Canada
37%
Which of the following terms did the Paris Peace Accords not require? That North Vietnam cease accepting foreign military advisors.
35%
Which of these battles was not fought during the Vietnam War? Battle of Lào Cai
24%
Which of these famous people did not speak out against the war? Martin Luther
22%
Which of these movies is not about the Vietnam War? Battle Hymn
20%
Which of these "Agents" was not one of the Rainbow Herbicides the US sprayed in Vietnam? Agent Yellow
15%
No matching quizzes found
Score Distribution
Percent of People with Each Score
Percentile by Number Answered
Your Score History
You have not taken this quiz